Avrupa Birliği ülkelerinde ayrımcılık yasağı ve eşitlik kurumları (Record no. 1794)

MARC details
000 -BAŞLIK
Sabit Uzunlukta Kontrol Alanı 00737na a2200253 4500
001 - KONTROL NUMARASI
Denetim Alanı 19536
003 - KONTROL NUMARASI IDENTIFIER
Denetim Alanı MIRAKIL
005 - SON İŞLEM TARİHİ VE ZAMANI
Denetim Alanı 20181213154835.0
008 - SABİT-BOY VERİ ELEMANLARI - GENEL BİLGİLER
Sabit Uzunlukta Kontrol Alanı 170112b tu 000 0
020 ## - ULUSLARARASI STANDART KİTAP NUMARASI
Uluslararası Standart Kitap Numarası 9789750103315
035 ## - SİSTEM KONTROL NUMARASI
Sistem Kontrol Numarası 19536
040 ## - KATALOGLAMA KAYNAK
Orijinal Kataloglama Ajansı Milas
Kataloglama Dili tur
Metne Dönüştürmek Ajansı TR-AnCHP
041 ## - DİL KODU
Metin / Ses Parça Veya Ayrı Başlığın Dil Kodu tur
082 ## - DEWEY ONLU SINIFLANDIRMA NUMARASI
Sınıflandırma Numarası 305.84
Ürün Numarası K26a 2009
090 ## - SINIFLAMA NUMARASI
Sınıflama Numarası 305.84 K26a 2009
100 ## - ANA GİRİŞ - KİŞİSEL İSİM
Kişisel Ad Karan, Ulaş
245 ## - BAŞLIK TABLOSU
Başlık Avrupa Birliği ülkelerinde ayrımcılık yasağı ve eşitlik kurumları
Sorumluluk Tablosu, Vb Ulaş Karan
260 ## - YAYIN, DAĞITIM, VB
Yayın, Dağıtım, Vb Yeri Ankara
Yayıncı, Dağıtıcı, Vs Adı İnsan Hakları Ortak Platformu
Yayın, Dağıtım, Vb Tarihi 2009
300 ## - FİZİKSEL TANIM
Kapsam 275 s.
Boyutlar 24 sm.
500 ## - GENEL NOT
Genel Not Kaynakça var.
650 ## - KONU KATMA GİRİŞ - TOPİKAL DÖNEM
Topikal Süreli Veya Coğrafi Ad Giriş Elemanı İnsan hakları
Genel Alt Bölümü Eşitlik
Coğrafi Alt Bölümü Avrupa Birliği
650 ## - KONU KATMA GİRİŞ - TOPİKAL DÖNEM
Topikal Süreli Veya Coğrafi Ad Giriş Elemanı Ayrımcılık
Coğrafi Alt Bölümü Avrupa Birliği
942 ## - EKLENDİ GİRİŞ ELEMANLARI (KOHA)
Sınıflandırma Veya Raf Düzeni Kaynak Dewey Decimal Classification
Koha Öğesi Türü Books
999 ## - SİSTEM KONTROL NUMARALARI (KOHA)
Koha Biblionumber 1794
Koha Biblioitemnumber 1794
Holdings
Kalıcı Konum Mevcut Konum Edinme Tarihi Edinim Kaynak Toplam Check-Out'Lar Tam Çağrı Numarası Barkod Tarih Son Görülme İtibaren Geçerli Fiyatlar Koha Öğesi Türü
CHP Kütüphanesi CHP Kütüphanesi 12/16/2016 Bağış   305.84 K26a 2009 010735 12/16/2016 12/16/2016 Books